<?xml version="1.0" encoding="UTF-8"?>
<record
    xmlns:xsi="http://www.w3.org/2001/XMLSchema-instance"
    xsi:schemaLocation="http://www.loc.gov/MARC21/slim http://www.loc.gov/standards/marcxml/schema/MARC21slim.xsd"
    xmlns="http://www.loc.gov/MARC21/slim">

  <leader>03013nam a22003377a 4500</leader>
  <datafield tag="999" ind1=" " ind2=" ">
    <subfield code="c">21785</subfield>
    <subfield code="d">21785</subfield>
  </datafield>
  <controlfield tag="003">AR-CdUCM</controlfield>
  <controlfield tag="008">190425b           ||||| |||| 00| 0 spa d</controlfield>
  <datafield tag="040" ind1=" " ind2=" ">
    <subfield code="a">MUNICIPALIDAD PROVINCIAL DEL CUSCO</subfield>
    <subfield code="c">BIBLIOTECA MUNICIPAL DEL CUSCO</subfield>
  </datafield>
  <datafield tag="082" ind1=" " ind2=" ">
    <subfield code="a">Rev.Univ/N&#xB0;139/2006</subfield>
  </datafield>
  <datafield tag="110" ind1=" " ind2=" ">
    <subfield code="a">Universidad Nacional de San Antonio Abad del Cusco</subfield>
    <subfield code="9">15942</subfield>
  </datafield>
  <datafield tag="245" ind1=" " ind2=" ">
    <subfield code="a">Revista Universitaria :</subfield>
    <subfield code="b">&#xD3;rgano de la Universidad del Cuzco /</subfield>
  </datafield>
  <datafield tag="260" ind1=" " ind2=" ">
    <subfield code="a">Cusco :</subfield>
    <subfield code="b">Universitaria,</subfield>
    <subfield code="c">2006.</subfield>
  </datafield>
  <datafield tag="300" ind1=" " ind2=" ">
    <subfield code="a">263 p&#xE1;ginas. :</subfield>
    <subfield code="b">ilustraciones en color ;</subfield>
    <subfield code="c">29 cm.</subfield>
  </datafield>
  <datafield tag="440" ind1=" " ind2=" ">
    <subfield code="a">Revista Universitaria</subfield>
    <subfield code="n">A&#xF1;o ?, 2006, N&#xB0;139.</subfield>
    <subfield code="9">46098</subfield>
  </datafield>
  <datafield tag="505" ind1=" " ind2=" ">
    <subfield code="a">Contenido: Propagaci&#xF3;n de pl&#xE1;ntulas de Bletia catenulata Ru&#xED;z &amp; Pav&#xF3;n, y Epidendrum secundum Jacqu&#xED;n y su cultivo en invernadero. -- Agua riego, alianza y competencia en mitos del Cusco. -- Racionalidad e irracionalidad Turismo en el Cuzco. -- Algunos aspectos agroecol&#xF3;gicos de la provincia de Canas Cusco Per&#xFA;. -- Los inmigrantes en Lima estudio de caso de un artesano textil. -- Repertorio de vocalizaciones del Pichinco Zonotrichia capensis en Huacarpay Quispicanchis Cusco. -- La caracterizaci&#xF3;n del rendimiento acad&#xE9;mico de los estudiantes de la UNSAAC 1984-2005. -- El l&#xE9;xico del castellano cuzque&#xF1;o. -- Relaci&#xF3;n entre el trabajo en equipo y satisfacci&#xF3;n laboral del personal en el servicio de emergencia del Hospital Antonio Lorena del Cusco. -- Factores clave del desarrollo artesanal en Cusco, casos Pisac y Chinchero. -- Administraci&#xF3;n de recursos econ&#xF3;micos en el parque arqueol&#xF3;gico de Machupicchu. -- Los retos de la Universidad a comienzos del siglo XXI. -- El poeta hacendado como tema de ficci&#xF3;n narrativa el caso de Andr&#xE9;s Alencastre Guti&#xE9;rrez. -- Patrimonio cultural y desarrollo. -- La frase Ama S&#xFA;a, Ama Llulla, Ama Qella, no fue saludo Inca fue creaci&#xF3;n de los espa&#xF1;oles avecindados en el Per&#xFA;. -- El derecho de resistencia. -- La narrativa de Feliciano Padilla en el contexto de la literatura peruana. -- Lo esecencial y fenom&#xE9;nico en el conocimiento y aprendizaje. -- Un modelo matem&#xE1;tico sobre teor&#xED;a de juegos. -- Estrat&#xE9;gias comunicativas para la participaci&#xF3;n adolescente. -- Ra&#xFA;l Brozovich in memoriam. -- Mariano Pantoja los milicianos espa&#xF1;oles lo aclaman. -- El arte de la luz de Figueroa. Luis Figueroa. -- &#xD1;ampaq harawi poes&#xED;a para el camino. -- Ollantay o la importancia del Quechua.</subfield>
  </datafield>
  <datafield tag="650" ind1=" " ind2=" ">
    <subfield code="a">Bot&#xE1;nica cusque&#xF1;a</subfield>
    <subfield code="9">45807</subfield>
  </datafield>
  <datafield tag="650" ind1=" " ind2=" ">
    <subfield code="a">Ornitolog&#xED;a cusque&#xF1;a</subfield>
    <subfield code="9">46014</subfield>
  </datafield>
  <datafield tag="650" ind1=" " ind2=" ">
    <subfield code="a">Lexicolog&#xED;a</subfield>
    <subfield code="9">10867</subfield>
  </datafield>
  <datafield tag="650" ind1=" " ind2=" ">
    <subfield code="a">Folklore cusque&#xF1;o</subfield>
    <subfield code="9">8693</subfield>
  </datafield>
  <datafield tag="650" ind1=" " ind2=" ">
    <subfield code="a">Artesan&#xED;a cusque&#xF1;a</subfield>
    <subfield code="9">46099</subfield>
  </datafield>
  <datafield tag="700" ind1=" " ind2=" ">
    <subfield code="a">Ardiles Jara, Alex&#xE1;nder</subfield>
    <subfield code="9">46100</subfield>
  </datafield>
  <datafield tag="700" ind1=" " ind2=" ">
    <subfield code="a">Canal Ccarhuarupay, Jos&#xE9;</subfield>
    <subfield code="9">8874</subfield>
  </datafield>
  <datafield tag="700" ind1=" " ind2=" ">
    <subfield code="a">Arag&#xF3;n Romero, Jos&#xE9; Israel</subfield>
    <subfield code="9">46101</subfield>
  </datafield>
  <datafield tag="700" ind1=" " ind2=" ">
    <subfield code="a">Villasante Llerena, Marco</subfield>
    <subfield code="9">46102</subfield>
  </datafield>
  <datafield tag="700" ind1=" " ind2=" ">
    <subfield code="a">Pantigozo Montes, Jaime</subfield>
    <subfield code="9">946</subfield>
  </datafield>
  <datafield tag="700" ind1=" " ind2=" ">
    <subfield code="a">Le&#xF3;n Warthon, Maribel</subfield>
    <subfield code="9">46103</subfield>
  </datafield>
  <datafield tag="700" ind1=" " ind2=" ">
    <subfield code="a">Rosas Paravicino, Enrique</subfield>
    <subfield code="9">417</subfield>
  </datafield>
  <datafield tag="710" ind1=" " ind2=" ">
    <subfield code="a">Universidad Nacional de San Antonio Abad del Cusco</subfield>
    <subfield code="9">15942</subfield>
  </datafield>
  <datafield tag="942" ind1=" " ind2=" ">
    <subfield code="2">ddc</subfield>
    <subfield code="c">PP</subfield>
  </datafield>
  <datafield tag="945" ind1=" " ind2=" ">
    <subfield code="a">rac</subfield>
  </datafield>
  <datafield tag="952" ind1=" " ind2=" ">
    <subfield code="0">0</subfield>
    <subfield code="2">ddc</subfield>
    <subfield code="4">0</subfield>
    <subfield code="7">0</subfield>
    <subfield code="a">HEM</subfield>
    <subfield code="b">HEM</subfield>
    <subfield code="c">CART</subfield>
    <subfield code="d">2021-07-26</subfield>
    <subfield code="g">10.00</subfield>
    <subfield code="o">Rev.Univ/N&#xB0;139/2006</subfield>
    <subfield code="p">REVC000900</subfield>
    <subfield code="r">2021-07-26</subfield>
    <subfield code="y">PP</subfield>
  </datafield>
  <datafield tag="952" ind1=" " ind2=" ">
    <subfield code="0">0</subfield>
    <subfield code="2">ddc</subfield>
    <subfield code="4">0</subfield>
    <subfield code="7">0</subfield>
    <subfield code="a">HEM</subfield>
    <subfield code="b">HEM</subfield>
    <subfield code="c">CART</subfield>
    <subfield code="d">2021-07-26</subfield>
    <subfield code="g">10.00</subfield>
    <subfield code="o">Rev.Univ/N&#xB0;139/2006/e.2</subfield>
    <subfield code="p">REVC000418</subfield>
    <subfield code="r">2021-10-11</subfield>
    <subfield code="y">PP</subfield>
  </datafield>
</record>
